000 00836nam a2200241Ia 4500
003 OSt
005 20220923222055.0
006 a|||||r|||| 00| 0
007 ta
008 220922b |||||||| |||| 00| 0 ben d
024 _a202,849
037 _cTextual
040 _aARTS
_cARTS
_bben
041 _2ben
_aben
082 _aO157,3M80x, 152K0
100 _aबसु, राजशेखर; मजूमदार, अनु.
_9165823
245 0 _aपरशुराम की चुनी हुई कहानियां
246 _aParashurām kī chunī huī kahāniyāan
260 _c1972
650 _aबंगाली साहित्य
_9156264
942 _hO157,3M80x, 152K0
_cTEXL
_2CC
999 _c353650
_d353650